| 000 | 00693nam a22001937a 4500 | ||
|---|---|---|---|
| 005 | 20150121151958.0 | ||
| 008 | 150121b ck || |r|||| 00| 0 spa d | ||
| 040 |
_aCO-BoIAVH _cCO-BoIAVH |
||
| 041 | _aspa | ||
| 044 | _ack | ||
| 090 |
_aEA _b00297 |
||
| 245 | _aÁlbum Interactivo bibo por el agua | ||
| 260 |
_a[Sin lugar de publicación] : _bEl Espectador, _bPacific Rubiales Energy, _bISAGEN, _bMinisterio de Ambiente y Desarrollo Sostenible, _c[Sin fecha de publicación]. |
||
| 300 |
_a32 pag _bIl. _c30 cm. |
||
| 650 |
_aAgua _vÁlbum _xLiteratura infantil _931853 |
||
| 650 |
_aUtilización del agua _vÁlbum _931854 |
||
| 650 |
_aContaminación del agua _vÁlbum _931855 |
||
| 942 |
_2z _cLIBRO |
||
| 999 |
_c9032 _d9032 |
||